Normal view
MARC view
Entry Nombre personal
001 - NÚMERO DE CONTROL
- campo de control: 85976
003 - IDENTIFICADOR DEL NÚMERO DE CONTROL
- campo de control: BNPHU
005 - FECHA Y HORA DE LA ÚLTIMA TRANSACCIÓN
- campo de control: 20240705124742.0
008 - DATOS DE LONGITUD FIJA
- campo de control de longitud fija: 240705|| aca||aabn | a|a d
040 ## - FUENTE DE LA CATALOGACIÓN
- Centro catalogador/agencia de origen: DO-SdBNP
- Lengua de catalogación: spa
- Centro/agencia transcriptor: BNPHU
- Normas de descripción: rda
100 1# - ENCABEZAMIENTO-NOMBRE DE PERSONA
- Nombre de persona: Wiscovitch Carlo, Ada
370 ## - LUGAR ASOCIADO
- Lugar de nacimiento: Mayagüez, Puerto Rico
372 ## - CAMPO DE ACTIVIDAD
- Campo de actividad: Miembro del Consejo de Directores del Banco de Reservas de ña República Dominicana 2004 al 2020
- Campo de actividad: Directora Ejecutiva de la Fundación Dominicana de Desarrollo (FDD)
- Campo de actividad: Gerente General de Editorial AA
- Campo de actividad: Miembro del Consejo de Directores Eclof International (radicada en Suiza) desde 2009 y de Eclof Dominicana desde el 2003, ambas instituciones sin fines de lucro dedicadas a las microfinanzas
- Campo de actividad: Pasada presidenta de Profamilia, colaboradora de Participación ciudadana y de la Fundación por la Música
374 ## - OCUPACIÓN
- Ocupación: Economista
375 ## - GÉNERO/SEXO
- Género/Sexo: Femenino
377 ## - LENGUA/LENGUAJE ASOCIADO
- Código del idioma: esp
- Código del idioma: eng
670 ## - FUENTE DE DATOS ENCONTRADOS
- Cita de la fuente: Wiscovitch Carlo, Ada. 40 años al servicio de la mujer dominicana. Santo Domingo : Buho, 2023.
